Introduction to Windows server 2003
Đã lưu trong:
| 主要作者: | |
|---|---|
| 格式: | 圖書 |
| 語言: | Undetermined |
| 出版: |
Burr Ridge
McGraw Hill
2005
|
| 主題: | |
| 標簽: |
添加標簽
沒有標簽, 成為第一個標記此記錄!
|
| Thư viện lưu trữ: | Trung tâm Học liệu Trường Đại học Cần Thơ |
|---|
| LEADER | 00549nam a2200193Ia 4500 | ||
|---|---|---|---|
| 001 | CTU_212585 | ||
| 008 | 210402s9999 xx 000 0 und d | ||
| 082 | |a 005.43769 | ||
| 082 | |b E19 | ||
| 100 | |a Ecklund, Eric | ||
| 245 | 0 | |a Introduction to Windows server 2003 | |
| 245 | 0 | |c Eric Ecklund | |
| 260 | |a Burr Ridge | ||
| 260 | |b McGraw Hill | ||
| 260 | |c 2005 | ||
| 650 | |a Windows ( computer programs ) | ||
| 904 | |i Qhieu | ||
| 910 | |a Sách đi kèm đĩa có số: AV.000438 | ||
| 980 | |a Trung tâm Học liệu Trường Đại học Cần Thơ | ||